000 00539nam a2200169Ia 4500
008 240729s9999 xx 000 0 und d
022 _a2467-9674
245 0 _aUnderground Space
260 _aChina
260 _bKeAi Communications Co., Ltd.
650 _a Engineering (General). Civil engineering (General)
650 _a Engineering geology. Rock mechanics. Soil mechanics. Underground construction
650 _aTechnology
856 _uhttps://doaj.org/toc/8d636be358d342758f0901c1f59c4bd1
942 _2ddc
942 _cDOAJEJ
999 _c67625
_d67625
945 _a1
_bMadushi Gamage
_c1
_dMadushi Gamage